[Event "Titled Tuesday intern op 15th Nov Late"]
[Site "Chess.com INT"]
[Date "2022.11.15"]
[Round "5"]
[White "Poliakova, Varvara"]
[Black "Kopylov, Alexander A"]
[Result "0-1"]
[WhiteElo "2013"]
[BlackElo "2397"]
[PlyCount "148"]
[EventDate "2022.11.15"]
[EventType "swiss (blitz)"]
[EventRounds "11"]
[EventCountry "USA"]
[SourceTitle "CBM 211 Extra"]
[Source "ChessBase"]
[SourceDate "2023.01.31"]
[SourceVersion "1"]
[SourceVersionDate "2023.01.31"]
[SourceQuality "1"]

1. e4 e5 2. Nf3 Nc6 3. Bc4 Nf6 4. d3 Be7 5. c3 0-0 6. Bb3 d6 7. 0-0 h6 8. Nbd2 Nh7 9. Re1 Ng5 10. Nxg5 Bxg5 11. Nf3 Bxc1 12. Qxc1 Qf6 13. Qe3 Bg4 14. Nd2 Ne7 15. Qg3 Be6 16. Nc4 Ng6 17. Ne3 Nf4 18. Nd5 Bxd5 19. Bxd5 c6 20. Bb3 Kh7 21. Bc2 Rae8 22. Qg4 h5 23. Qf5+ Qxf5 24. exf5 Kh6 25. g3 Nd5 26. h4 Ne7 27. d4 exd4 28. cxd4 Nd5 29. Be4 Nf6 30. Bd3 Rxe1+ 31. Rxe1 Re8 32. Rc1 Nd5 33. a3 a5 34. Kg2 Kh7 35. Kf3 Kg8 36. Be4 Nf6 37. Bd3 Kf8 38. Kf4 Ng4 39. Kf3 Ke7 40. b4 axb4 41. axb4 Ra8 42. b5 Kd7 43. bxc6+ bxc6 44. Be2 Ra4 45. Rd1 Ke7 46. Kg2 Kf6 47. Bxg4 hxg4 48. Rc1 Ra6 49. Re1 Kxf5 50. Re7 Kf6 51. Rc7 Ke6 52. Kf1 f5 53. Ke2 Kd5 54. Rxg7 Kxd4 55. h5 c5 56. h6 d5 57. h7 Rh6 58. Kd2 c4 59. Rf7 Ke4 60. Ke2 d4 61. Re7+ Kd5 62. Ra7 Rh2 63. Ra5+ Ke4 64. Ra7 f4 65. Re7+ Kd5 66. gxf4 g3 67. Kf3 gxf2 68. Ke2 d3+ 69. Kf1 c3 70. Rd7+ Ke4 71. Re7+ Kxf4 72. Rd7 d2 73. h8Q Rxh8 74. Kxf2 c2 0-1

[Event "Titled Tuesday intern op 15th Nov Early"]
[Site "Chess.com INT"]
[Date "2022.11.15"]
[Round "4"]
[White "Przybylski, Wojciech"]
[Black "Kopylov, Alexander A"]
[Result "1-0"]
[WhiteElo "2321"]
[BlackElo "2397"]
[PlyCount "135"]
[EventDate "2022.11.15"]
[EventType "swiss (blitz)"]
[EventRounds "11"]
[EventCountry "USA"]
[SourceTitle "CBM 211 Extra"]
[Source "ChessBase"]
[SourceDate "2023.01.31"]
[SourceVersion "1"]
[SourceVersionDate "2023.01.31"]
[SourceQuality "1"]

1. e4 e5 2. Nf3 Nc6 3. Bb5 a6 4. Ba4 d6 5. h3 Bd7 6. c3 Nf6 7. d3 g6 8. 0-0 Bg7 9. Nbd2 0-0 10. Re1 Qe8 11. Bc2 Nh5 12. Nf1 f5 13. d4 h6 14. dxe5 dxe5 15. Ne3 f4 16. Nd5 Rc8 17. b3 g5 18. Nh2 Nf6 19. Ba3 Rf7 20. f3 h5 21. b4 Be6 22. Bb3 Bf8 23. Qe2 Nh7 24. Rad1 Rg7 25. Bb2 Nd8 26. Kh1 Nf7 27. Qc4 Rg6 28. Qe2 Nh6 29. c4 Bf7 30. c5 g4 31. fxg4 hxg4 32. hxg4 Ng5 33. Rd3 c6 34. Nb6 Rd8 35. Red1 Rxd3 36. Qxd3 Ne6 37. Qd7 Qxd7 38. Rxd7 Ng5 39. Bxe5 Nxe4 40. Bxf7+ Nxf7 41. Bxf4 Bh6 42. g3 Bxf4 43. gxf4 Nf2+ 44. Kg2 Nxg4 45. Nxg4 Rxg4+ 46. Kf3 Rg7 47. Ke4 Kf8 48. Kd4 Rg4 49. Rxb7 Rxf4+ 50. Kc3 Rf3+ 51. Kc4 Ne5+ 52. Kd4 Nd3 53. Nd7+ Ke8 54. Ne5 Nxe5 55. Kxe5 Ra3 56. Kd6 a5 57. Kxc6 axb4 58. Rxb4 Rxa2 59. Rd4 Rc2 60. Kb6 Ke7 61. c6 Rb2+ 62. Kc7 Ke6 63. Kc8 Ke5 64. Rd3 Ke6 65. c7 Ke7 66. Rd4 Ke6 67. Kd8 Ke5 68. Rd1 1-0

[Event "Speed Chess Q2"]
[Site "Chess.com INT"]
[Date "2022.11.12"]
[Round "6"]
[White "Kopylov, Alexander A"]
[Black "Gubajdullin, Alexey"]
[Result "0-1"]
[WhiteElo "2397"]
[BlackElo "2300"]
[PlyCount "122"]
[EventDate "2022.11.12"]
[EventType "swiss (blitz)"]
[EventRounds "14"]
[EventCountry "USA"]
[SourceTitle "CBM 211 Extra"]
[Source "ChessBase"]
[SourceDate "2023.01.31"]
[SourceVersion "1"]
[SourceVersionDate "2023.01.31"]
[SourceQuality "1"]

1. e4 c6 2. Nf3 d5 3. d3 Bg4 4. h3 Bxf3 5. Qxf3 e6 6. g3 g6 7. Bg2 Bg7 8. 0-0 Ne7 9. Rd1 0-0 10. d4 Nd7 11. Nc3 Qb6 12. a3 Rfe8 13. Rb1 Rad8 14. Bg5 a6 15. Qe3 dxe4 16. Nxe4 h6 17. Bxe7 Rxe7 18. c3 e5 19. d5 Qxe3 20. fxe3 cxd5 21. Rxd5 Rb8 22. Rbd1 Nb6 23. Rd8+ Rxd8 24. Rxd8+ Kh7 25. Nd6 e4 26. Bxe4 Be5 27. Kf2 Bxd6 28. Rxd6 Nc4 29. Rd4 Nxb2 30. Bf3 b5 31. Rd6 Ra7 32. Be2 Kg7 33. e4 f6 34. Ke3 Kf7 35. Kd4 Ke7 36. e5 fxe5+ 37. Kxe5 Kf7 38. Bf3 Kg7 39. Be4 Nc4+ 40. Ke6 Nxd6 41. Kxd6 Rf7 42. Kc5 Rc7+ 43. Bc6 Re7 44. c4 bxc4 45. Kxc4 Re3 46. a4 Rxg3 47. Bb7 a5 48. Kb5 Rb3+ 49. Ka6 Rxh3 50. Kxa5 h5 51. Kb6 Ra3 52. a5 g5 53. a6 g4 54. a7 Rxa7 55. Kxa7 Kf6 56. Kb6 Ke5 57. Kc5 h4 58. Kc4 h3 59. Kd3 Kf4 60. Ke2 Kg3 61. Kf1 Kh2 0-1

[Event "Speed Chess Q2"]
[Site "Chess.com INT"]
[Date "2022.11.12"]
[Round "9"]
[White "Kopylov, Alexander A"]
[Black "Kleiman, Jake"]
[Result "1-0"]
[WhiteElo "2397"]
[BlackElo "2399"]
[PlyCount "69"]
[EventDate "2022.11.12"]
[EventType "swiss (blitz)"]
[EventRounds "14"]
[EventCountry "USA"]
[SourceTitle "CBM 211 Extra"]
[Source "ChessBase"]
[SourceDate "2023.01.31"]
[SourceVersion "1"]
[SourceVersionDate "2023.01.31"]
[SourceQuality "1"]

1. e4 e5 2. Nf3 Nc6 3. Bc4 Bc5 4. 0-0 Nf6 5. d3 0-0 6. Be3 d6 7. Nbd2 a6 8. a3 h6 9. h3 Re8 10. b4 Ba7 11. Bxa7 Rxa7 12. Nh2 d5 13. exd5 Nxd5 14. Ne4 Ra8 15. Re1 Bf5 16. Nc5 b6 17. Qf3 Nde7 18. Ne4 Nd4 19. Qd1 Ng6 20. c3 Ne6 21. Qf3 Nh4 22. Qh5 Bg6 23. Qg4 Nf4 24. g3 Bh5 25. Qxh4 Qxh4 26. gxh4 b5 27. Bb3 Nxd3 28. Re3 Nf4 29. Ng3 Bg6 30. Ng4 Nxh3+ 31. Kh2 Nf4 32. Nxe5 Kh7 33. Nxg6 fxg6 34. Rae1 Rf8 35. Rf3 1-0

[Event "Speed Chess Q2"]
[Site "Chess.com INT"]
[Date "2022.11.12"]
[Round "10"]
[White "Lewtak, Damian"]
[Black "Kopylov, Alexander A"]
[Result "1-0"]
[WhiteElo "2385"]
[BlackElo "2397"]
[PlyCount "87"]
[EventDate "2022.11.12"]
[EventType "swiss (blitz)"]
[EventRounds "14"]
[EventCountry "USA"]
[SourceTitle "CBM 211 Extra"]
[Source "ChessBase"]
[SourceDate "2023.01.31"]
[SourceVersion "1"]
[SourceVersionDate "2023.01.31"]
[SourceQuality "1"]

1. e4 c6 2. Nf3 g6 3. d3 Bg7 4. g3 e5 5. Bg2 Qc7 6. 0-0 Nf6 7. Re1 0-0 8. a4 a5 9. Nbd2 d6 10. Nc4 Be6 11. b3 Na6 12. Bb2 h6 13. Qe2 Rfe8 14. d4 exd4 15. Nxd4 Bg4 16. Qd2 Nb4 17. Bc3 h5 18. h3 Bd7 19. Bxb4 axb4 20. Qf4 Re5 21. Rad1 g5 22. Qc1 Rc5 23. Qd2 d5 24. exd5 cxd5 25. Ne5 g4 26. hxg4 Nxg4 27. Nxd7 Qxd7 28. Qxb4 Rac8 29. c4 h4 30. Bxd5 hxg3 31. fxg3 Rxd5 32. cxd5 Ne5 33. Rxe5 Bxe5 34. Nf3 Bd6 35. Qh4 Qf5 36. Qg5+ Qxg5 37. Nxg5 Rc3 38. Ne4 Rxb3 39. Nxd6 Rxg3+ 40. Kf2 Rb3 41. Nf5 Kf8 42. d6 Ke8 43. d7+ Kd8 44. Nh6 1-0

[Event "Speed Chess Q1"]
[Site "Chess.com INT"]
[Date "2022.11.10"]
[Round "12"]
[White "Boros, Denes"]
[Black "Kopylov, Alexander A"]
[Result "0-1"]
[WhiteElo "2402"]
[BlackElo "2397"]
[PlyCount "88"]
[EventDate "2022.11.10"]
[EventType "swiss (blitz)"]
[EventRounds "14"]
[EventCountry "USA"]
[SourceTitle "CBM 211 Extra"]
[Source "ChessBase"]
[SourceDate "2023.01.31"]
[SourceVersion "1"]
[SourceVersionDate "2023.01.31"]
[SourceQuality "1"]

1. d4 Nf6 2. Nf3 e6 3. Nc3 Bb4 4. Qd3 d5 5. Bg5 h6 6. Bxf6 Qxf6 7. e4 dxe4 8. Qxe4 Qf5 9. Qxf5 exf5 10. 0-0-0 c6 11. Bc4 Nd7 12. Rhe1+ Kf8 13. Bb3 g6 14. a3 Ba5 15. d5 Nc5 16. Ba2 Bxc3 17. bxc3 Bd7 18. Ne5 Be8 19. d6 Rd8 20. d7 Nxd7 21. Rd6 Rh7 22. f4 f6 23. Nf3 Re7 24. Red1 Rb8 25. a4 a5 26. Nd4 Nc5 27. Ne6+ Nxe6 28. Bxe6 Kg7 29. Kb2 Bf7 30. Bxf7 Kxf7 31. Rd7 Rbe8 32. Kb3 g5 33. g3 gxf4 34. gxf4 Rxd7 35. Rxd7+ Re7 36. Rd8 Kg6 37. Ra8 Kh5 38. Rg8 Re4 39. Rg7 Rxf4 40. Rxb7 Re4 41. Ra7 f4 42. Rxa5+ Kg4 43. Ra8 f3 44. Rd8 f2 0-1